00827nam a2200229Ia 4500008004100000020001500041040001800056041000800074245010700082260004900189300001800238500002900256650004700285650004200332650002800374650002900402650002300431700003200454700002900486700002900515710005300544130821s1993 ck gr spa  a9589180310 aCo-BoUCMbspa aspa00aAmapola, coca y...cJuan Gabriel Toklatlian...[et al]. ;prólogo y compilación Jorge Mario Eastman. aBogotá (Colombia)bParlamento Andinoc1993 a208 páginas aIndice general y anexos.04aControl de drogas y narcóticoszColombia04aCooperación internacionalzColombia04aDerecho penalzColombia04aNarcotráficozColombia04aProblemas sociales1 aEastman, Jorge Marioeprol.1 aSánchez David, Rubén1 aToklatlian, Juan Gabriel1 aParlamento Andino.bSecretaria General Ejecutiva